|
|
|
|
| LEADER |
02572cam a2200673 i 4500 |
| 001 |
nkc20162844375 |
| 003 |
CZ PrNK |
| 005 |
20170331143057.0 |
| 007 |
ta |
| 008 |
161109s2016 xr a a 000 0 cze d |
| 015 |
|
|
|a cnb002844375
|
| 020 |
|
|
|a 978-80-256-1915-5
|q (brožováno)
|
| 035 |
|
|
|a (OCoLC)972605662
|
| 040 |
|
|
|a OSA001
|b cze
|d BOA001
|e rda
|
| 041 |
1 |
|
|a cze
|h fre
|
| 072 |
|
7 |
|a 373.2/.3
|x Předškolní a primární výchova a vzdělávání
|2 Konspekt
|9 22
|
| 072 |
|
7 |
|a 0/9-053.2
|x Literatura pro děti a mládež (naučná)
|2 Konspekt
|9 26
|
| 080 |
|
|
|a 37.091.4
|2 MRF
|
| 080 |
|
|
|a 316.346.32-053.4
|2 MRF
|
| 080 |
|
|
|a 37.0:5
|2 MRF
|
| 080 |
|
|
|a 57.081.1
|2 MRF
|
| 080 |
|
|
|a (076.1)
|2 MRF
|
| 080 |
|
|
|a (084.1.029.2)
|2 MRF
|
| 080 |
|
|
|a (0.053.2)
|2 MRF
|
| 100 |
1 |
|
|a Herrmann, Ève
|7 mzk2016936916
|4 aut
|
| 240 |
1 |
0 |
|a Mes activités Montessori.
|l Česky
|
| 245 |
1 |
0 |
|a Montessori aktivity pro děti :
|b kniha na obohacování slovní zásoby, objevování přírody i světa /
|c aktivity od Ève Herrmann ; ilustrovala Roberta Rocchi
|
| 250 |
|
|
|a První české vydání
|
| 264 |
|
1 |
|a Praha :
|b Svojtka & Co.,
|c 2016
|
| 300 |
|
|
|a 183 stran :
|b ilustrace ;
|c 27 cm +
|e samolepky (2 nečíslované listy)
|
| 336 |
|
|
|a text
|b txt
|2 rdacontent
|
| 336 |
|
|
|a statický obraz
|b sti
|2 rdacontent
|
| 337 |
|
|
|a bez média
|b n
|2 rdamedia
|
| 338 |
|
|
|a svazek
|b nc
|2 rdacarrier
|
| 500 |
|
|
|a Z francouzštiny přeložila Martina Blahníková
|
| 500 |
|
|
|a Listy se samolepkami vlepeny na konci publikace
|
| 521 |
8 |
|
|a Věkové určení: 4-7 let
|
| 650 |
0 |
7 |
|a metoda Montessori
|7 ph122781
|2 czenas
|
| 650 |
0 |
7 |
|a děti předškolního věku
|7 ph119710
|2 czenas
|
| 650 |
0 |
7 |
|a přírodovědné vzdělávání
|7 ph344088
|2 czenas
|
| 650 |
0 |
7 |
|a přírodověda
|7 ph124940
|2 czenas
|
| 650 |
0 |
9 |
|a Montessori method of education
|2 eczenas
|
| 650 |
0 |
9 |
|a preschool children
|2 eczenas
|
| 650 |
0 |
9 |
|a science education
|2 eczenas
|
| 650 |
0 |
9 |
|a natural history
|2 eczenas
|
| 655 |
|
7 |
|a pracovní sešity
|7 fd133116
|2 czenas
|
| 655 |
|
7 |
|a samolepky
|7 fd119297
|2 czenas
|
| 655 |
|
7 |
|a publikace pro děti
|7 fd133156
|2 czenas
|
| 655 |
|
9 |
|a activity books
|2 eczenas
|
| 655 |
|
9 |
|a stickers
|2 eczenas
|
| 655 |
|
9 |
|a children's literature
|2 eczenas
|
| 700 |
1 |
|
|a Rocchi, Roberta
|7 xx0211832
|4 ill
|
| 700 |
1 |
|
|a Blahníková, Martina
|7 xx0081051
|4 trl
|
| 910 |
2 |
|
|a BOA001
|b 3-1380.026
|
| 920 |
|
|
|a 000702075
|z OSA001
|
| 990 |
|
|
|a BK
|
| 995 |
|
|
|a 01
|
| 991 |
|
|
|b 201612
|c NOV
|
| 996 |
6 |
|
|b 2610690781
|c 3-1380.026
|l MZK
|r Sklad / do 1 hodiny
|n 8
|p p.v.
|w 001592542
|u 000010
|a 1
|e BOA001
|j MZK50
|s P
|